Corporate strategy / (Record no. 26608)
[ view plain ]
| 000 -LEADER | |
|---|---|
| fixed length control field | 01093cam a22003015a 4500 |
| 005 - DATE AND TIME OF LATEST TRANSACTION | |
| control field | 20201128024330.0 |
| 008 - FIXED-LENGTH DATA ELEMENTS--GENERAL INFORMATION | |
| fixed length control field | 900328t1987 enka frb 001 0 eng d |
| 020 ## - INTERNATIONAL STANDARD BOOK NUMBER | |
| International Standard Book Number | 0140091122 |
| 020 ## - INTERNATIONAL STANDARD BOOK NUMBER | |
| International Standard Book Number | 9780140091120 |
| 040 ## - CATALOGING SOURCE | |
| Original cataloging agency | Uk |
| Transcribing agency | Uk |
| Modifying agency | EG-ScBUE |
| Language of cataloging | eng |
| 082 04 - DEWEY DECIMAL CLASSIFICATION NUMBER | |
| Classification number | 658.4012 |
| Edition number | 22 |
| Item number | ANS |
| 100 1# - MAIN ENTRY--PERSONAL NAME | |
| Personal name | Ansoff, H. Igor, |
| Dates associated with a name | 1918- |
| 245 10 - TITLE STATEMENT | |
| Title | Corporate strategy / |
| Statement of responsibility, etc | H. Igor Ansoff ; assisted by Edward J. McDonnell ; with an introduction by J. H. Harvey-Jones. |
| 250 ## - EDITION STATEMENT | |
| Edition statement | Rev. ed. |
| 260 ## - PUBLICATION, DISTRIBUTION, ETC. (IMPRINT) | |
| Place of publication, distribution, etc | Middlesex : |
| Name of publisher, distributor, etc | Penguin Books, |
| Date of publication, distribution, etc | c.1987. |
| 300 ## - PHYSICAL DESCRIPTION | |
| Extent | 284 p. : |
| Other physical details | ill. ; |
| Dimensions | 20 cm. |
| 490 0# - Series Statement | |
| Series statement | Penguin business library |
| 504 ## - BIBLIOGRAPHY, ETC. NOTE | |
| Bibliography, etc | Includes bibliographical references and index. |
| 650 #7 - SUBJECT ADDED ENTRY--TOPICAL TERM | |
| Topical term or geographic name as entry element | Corporate planning. |
| Source of heading or term | BUEsh |
| 650 #7 - SUBJECT ADDED ENTRY--TOPICAL TERM | |
| Topical term or geographic name as entry element | Industrial management. |
| Source of heading or term | BUEsh |
| 9 (RLIN) | 1569 |
| 651 ## - SUBJECT ADDED ENTRY--GEOGRAPHIC NAME | |
| Source of heading or term | BUEsh |
| 653 ## - INDEX TERM--UNCONTROLLED | |
| Resource For college | BAEPS, Business Administration |
| Arrived date list | April2018 |
| -- | May2018 |
| 690 7# - LOCAL SUBJECT ADDED ENTRY--TOPICAL TERM (OCLC, RLIN) | |
| Topical term or geographic name as entry element | Management and Business Studies |
| Source of heading or term | blcoll |
| 700 1# - ADDED ENTRY--PERSONAL NAME | |
| Personal name | McDonnell, Edward J., |
| Title of a work | assisted author. |
| 700 1# - ADDED ENTRY--PERSONAL NAME | |
| Personal name | Harvey-Jones, J. H., |
| Title of a work | an introduction by. |
| 886 2# - FOREIGN MARC INFORMATION FIELD | |
| 2 | ukmarc |
| a | 900 |
| b | 10 |
| a | Ansoff |
| h | Igor |
| x | See |
| a | Ansoff, H. Igor, |
| x | 1918- |
| z | 100 |
| 942 ## - ADDED ENTRY ELEMENTS (KOHA) | |
| Source of classification or shelving scheme | Dewey Decimal Classification |
| Withdrawn status | Item status | Source of classification or shelving scheme | Damaged status | Not for loan | Home library | Current library | Shelving location | Date acquired | Source of acquisition | Total Checkouts | Full call number | Barcode | Date last seen | Koha item type |
|---|---|---|---|---|---|---|---|---|---|---|---|---|---|---|
| Dewey Decimal Classification | Central Library | Central Library | First floor | 29/04/2018 | Donation | 658.4012 ANS | 000043214 | 15/07/2025 | Book - Borrowing |